[Event "Politiken Cup"]
[Site "Helsingor DEN"]
[Date "2009.07.25"]
[Round "9"]
[White "Hansen,Ras"]
[Black "Haubro,M"]
[Result "1-0"]
[WhiteElo "2001"]
[BlackElo "1855"]
[EventDate "2009.07.18"]

1. d4 f5 2. Bg5 g6 3. Nc3 Bg7 4. e4 d6 5. Bd3 fxe4 6. Nxe4 Nc6 7. c3 Bf5 8.
Nh3 Qd7 9. Nf4 O-O-O 10. Bh4 h6 11. O-O g5 12. Nh5 Bg4 13. Qc2 Bxh5 14. d5
Ne5 15. Nc5 dxc5 16. Bf5 gxh4 17. Bxd7+ Rxd7 18. Qa4 a6 19. Rfe1 Bf6 20. f4
Nd3 21. Re3 Bg6 22. Rf1 Bf5 23. Re5 Bh7 24. b4 cxb4 25. cxb4 Nxe5 26. fxe5
Bxe5 27. b5 Bd3 28. Rf8+ Rd8 29. Qg4+ 1-0

[Event "Politiken Cup"]
[Site "Helsingor DEN"]
[Date "2009.07.25"]
[Round "9"]
[White "Svanholm,B"]
[Black "Sjol,H"]
[Result "1-0"]
[WhiteElo "2001"]
[BlackElo "1852"]
[EventDate "2009.07.18"]

1. c4 Nf6 2. Nc3 c5 3. Nf3 Nc6 4. d4 cxd4 5. Nxd4 d6 6. g3 g6 7. Bg2 Bd7 8.
b3 Bg7 9. Bb2 O-O 10. Nc2 Rc8 11. O-O Na5 12. Qd2 Bc6 13. Ne3 Bxg2 14. Kxg2
Nc6 15. Ncd5 Nxd5 16. Nxd5 Bxb2 17. Qxb2 Ne5 18. Rfd1 f5 19. f4 Ng4 20. h3
Nf6 21. Nxf6+ Rxf6 22. Qd4 Qa5 23. Rd2 Qc5 24. Rad1 Qxd4 25. Rxd4 Rc6 26.
e4 e5 27. fxe5 dxe5 28. Rd8+ Rf8 29. exf5 gxf5 30. Rxf8+ Kxf8 31. Rf1 Rf6
32. g4 f4 33. Kf3 Ra6 34. Ke4 Ra5 35. b4 Ra4 36. Kxe5 Rxb4 37. Rxf4+ Ke7
38. c5 Rb2 39. Ra4 a6 40. c6 bxc6 41. Rxa6 Re2+ 42. Kf4 Kd6 43. g5 Kd5 44.
Ra7 c5 45. Rxh7 Rxa2 46. h4 c4 47. g6 c3 48. Ke3 Rg2 49. h5 c2 50. Rc7 Kd6
51. Rxc2 Rg5 52. Kf4 Rxh5 53. g7 1-0

[Event "Politiken Cup"]
[Site "Helsingor DEN"]
[Date "2009.07.25"]
[Round "9"]
[White "Frisvold,O"]
[Black "Sorensen,S"]
[Result "1/2-1/2"]
[WhiteElo "1827"]
[BlackElo "2000"]
[EventDate "2009.07.18"]

1. d4 d5 2. c4 e6 3. Nf3 Nf6 4. Bg5 Be7 5. e3 c6 6. Bd3 Nbd7 7. O-O O-O 8.
Nc3 Re8 9. Rc1 Nf8 10. a3 b6 11. b4 Bb7 12. c5 N8d7 13. Qb3 h6 14. Bh4 Nh5
15. Bxe7 Qxe7 16. e4 Nf4 17. Qd1 Nxd3 18. Qxd3 a5 19. Rfe1 axb4 20. axb4
Ba6 21. Qc2 Qf8 22. exd5 exd5 23. Qf5 Bc8 24. Qc2 bxc5 25. bxc5 Ba6 26. h3
Rxe1+ 27. Rxe1 Re8 28. Rxe8 Qxe8 29. Na4 Qe4 30. Qxe4 dxe4 31. Nd2 f5 32.
Nb6 Nf8 33. d5 cxd5 34. Nxd5 Kf7 35. Nb4 Bc8 36. Nc4 Be6 37. Nb6 Nd7 38.
Nxd7 Bxd7 39. f3 exf3 40. gxf3 f4 41. h4 Ke6 42. Kg2 g5 43. hxg5 hxg5 44.
Nd3 Bb5 45. Nf2 Kf5 46. Ng4 Bc6 47. Nh6+ Kg6 48. Ng4 Kf5 49. Nh6+ Kg6
1/2-1/2

[Event "Politiken Cup"]
[Site "Helsingor DEN"]
[Date "2009.07.25"]
[Round "9"]
[White "Andersen,Cl"]
[Black "Munk,Po"]
[Result "1-0"]
[WhiteElo "1829"]
[BlackElo "1996"]
[EventDate "2009.07.18"]

1. d4 d5 2. c4 e6 3. Nc3 Nf6 4. cxd5 exd5 5. Bg5 Nbd7 6. e3 c6 7. Bd3 Be7
8. Qc2 O-O 9. Nf3 Re8 10. O-O Nf8 11. h3 Ne4 12. Bxe7 Qxe7 13. Ne5 f6 14.
Nf3 Kh8 15. Rab1 Be6 16. b4 Nxc3 17. Qxc3 a6 18. a4 Rec8 19. Rfc1 g5 20.
Qc2 Kg7 21. Rb3 a5 22. Qc5 Rc7 23. bxa5 Qxc5 24. dxc5 d4 25. Rb4 dxe3 26.
Nd4 exf2+ 27. Kxf2 Rxa5 28. Nf5+ Bxf5 29. Bxf5 Nd7 30. Rbc4 Ne5 31. Rb4 Ng6
32. g4 Ne7 33. Be4 Nd5 34. Rd4 Rd7 35. Bf5 Re7 36. Kf3 Ra8 37. Be4 Rd8 38.
Rcd1 Ra8 39. Bxd5 cxd5 40. Rb4 Rd8 41. Rbd4 Red7 42. Ke3 Re8+ 43. Kf3 Re5
44. a5 Kg6 45. Rb1 Rc7 46. Rb5 h5 47. Rdb4 hxg4+ 48. hxg4 Ree7 49. Rd4 Red7
50. Ke3 Kf7 51. Rdb4 Ke6 52. Kd4 Kf7 53. Rb6 Re7 54. Kxd5 Re5+ 55. Kd6
Rcxc5 56. Rxb7+ Kg6 57. a6 Red5+ 58. Ke7 Ra5 59. R4b6 Re5+ 60. Kd7 Re4 61.
Rd6 Rxg4 62. Rbb6 Rf4 63. Kc7 g4 64. Kb7 Kg5 65. a7 Rfa4 66. Ra6 Rb4+ 67.
Rdb6 Rxa6 68. Kxa6 Ra4+ 69. Kb7 f5 70. Ra6 Rb4+ 71. Kc6 Rc4+ 72. Kd7 Rd4+
73. Ke7 1-0

[Event "Politiken Cup"]
[Site "Helsingor DEN"]
[Date "2009.07.25"]
[Round "9"]
[White "Rasmussen,O"]
[Black "Hansen,ReR"]
[Result "0-1"]
[WhiteElo "1751"]
[BlackElo "1991"]
[EventDate "2009.07.18"]

1. e4 e5 2. Nf3 Nc6 3. Bb5 a6 4. Ba4 Nf6 5. O-O Be7 6. Re1 b5 7. Bb3 d6 8.
c3 O-O 9. h3 Nd7 10. d4 Bf6 11. Be3 Bb7 12. Bc2 exd4 13. cxd4 Nb4 14. Nbd2
Nxc2 15. Qxc2 Re8 16. b4 Rc8 17. Rac1 g6 18. Bf4 Bg7 19. Qb3 Nf8 20. d5 Nd7
21. Qd3 Nb6 22. Nd4 Qh4 23. Bg3 Qf6 24. Nc6 Bh6 25. Na5 Ba8 26. f3 Qb2 27.
Rc2 Qxb4 28. Ndb3 Bxd5 29. Ree2 Bc4 30. Nxc4 bxc4 31. Qd4 Bg7 32. e5 c5 33.
Qxd6 cxb3 34. axb3 Qd4+ 35. Qxd4 cxd4 36. Rxc8 Rxc8 37. Rd2 Bh6 38. f4 Bf8
39. Bf2 Bc5 40. Bxd4 Bxd4+ 41. Rxd4 Rc3 42. Rb4 Nd5 43. Rd4 Rc5 44. h4 h5
45. Kh2 Rb5 46. g3 Kg7 47. Ra4 a5 48. Kg2 Kf8 49. Kf2 Ke7 50. Ra3 Ke6 51.
Ke2 Kf5 52. Kd3 Nb6 53. Kd4 Rd5+ 54. Ke3 a4 55. Ke2 axb3 56. Rxb3 Nd7 57.
Ra3 Nc5 58. Ra7 Rd7 59. Ra5 Ne6 60. Ra3 Kg4 61. Rc3 Nd4+ 62. Kf2 Nf5 63.
Rc6 Nxg3 64. e6 Rd2+ 65. Kg1 fxe6 66. Rxe6 Ne2+ 67. Kf1 Nxf4 68. Re4 Kf3
69. Re1 Rf2+ 0-1

[Event "Politiken Cup"]
[Site "Helsingor DEN"]
[Date "2009.07.25"]
[Round "9"]
[White "Jensen,I"]
[Black "Hansen,Herb"]
[Result "1/2-1/2"]
[WhiteElo "1986"]
[BlackElo "1832"]
[EventDate "2009.07.18"]

1. d4 Nf6 2. Nf3 d5 3. Bf4 Bf5 4. c4 e6 5. Nc3 Be7 6. e3 O-O 7. Be2 c6 8.
Qb3 Qb6 9. O-O Nbd7 10. c5 Qxb3 11. axb3 b6 12. b4 Nh5 13. Ne5 Nxf4 14.
exf4 Nxe5 15. fxe5 a5 16. Na4 bxc5 17. Nb6 cxb4 18. Nxa8 Rxa8 19. Rfc1 a4
20. Rxc6 a3 21. bxa3 bxa3 22. g4 Bg6 23. h4 a2 24. Bd1 Bb1 25. Bc2 Rb8 26.
Rc3 Bb4 27. Rc7 Ba3 28. Kg2 Bb2 29. Rxb1 axb1=Q 30. Bxb1 Bxd4 31. f4 f6 32.
Bc2 fxe5 33. f5 exf5 34. Bxf5 Rd8 35. Be6+ Kh8 36. Bxd5 g6 1/2-1/2

[Event "Politiken Cup"]
[Site "Helsingor DEN"]
[Date "2009.07.25"]
[Round "9"]
[White "Andersen,G"]
[Black "Noer,M"]
[Result "1-0"]
[WhiteElo "1794"]
[BlackElo "1981"]
[EventDate "2009.07.18"]

1. d4 Nf6 2. c4 c5 3. e3 g6 4. Nf3 Bg7 5. g3 O-O 6. Nc3 b6 7. Bg2 Bb7 8.
O-O e6 9. Re1 d5 10. cxd5 exd5 11. Qc2 Nbd7 12. b3 Rc8 13. Ba3 Re8 14. dxc5
Nxc5 15. Nd4 Nce4 16. Bb2 Nxc3 17. Bxc3 Ne4 18. Bxe4 dxe4 19. Qd2 Qd7 20.
Rac1 Ba6 21. Ne2 Qg4 22. Bxg7 Rxc1 23. Nxc1 Kxg7 24. Qd4+ Kg8 25. Qa4 Qc8
26. Ne2 Re7 27. Rc1 Qb7 28. Nd4 Bd3 29. Qc6 Qxc6 30. Rxc6 Kg7 31. g4 Kh6
32. Nf5+ 1-0

[Event "Politiken Cup"]
[Site "Helsingor DEN"]
[Date "2009.07.25"]
[Round "9"]
[White "Christensen,R"]
[Black "Ostlund,M"]
[Result "1-0"]
[WhiteElo "1974"]
[BlackElo "1827"]
[EventDate "2009.07.18"]

1. e4 e6 2. d4 d5 3. exd5 exd5 4. c4 Bb4+ 5. Nc3 Nf6 6. a3 Bxc3+ 7. bxc3
O-O 8. Bd3 Re8+ 9. Ne2 dxc4 10. Bxc4 Nd5 11. O-O Nc6 12. Bd3 Bg4 13. f3
Nxc3 14. Bxh7+ Kxh7 15. Nxc3 Bf5 16. d5 Qf6 17. dxc6 Qxc3 18. cxb7 Rad8 19.
b8=Q Rxb8 20. Bf4 Bd3 21. Rf2 Bb1 22. Rxb1 Rxb1 23. Qxb1+ g6 24. Bd2 1-0

[Event "Politiken Cup"]
[Site "Helsingor DEN"]
[Date "2009.07.25"]
[Round "9"]
[White "Helin,M"]
[Black "Capion,J"]
[Result "1-0"]
[WhiteElo "1973"]
[BlackElo "1690"]
[EventDate "2009.07.18"]

1. e4 c5 2. Nc3 g6 3. g3 Bg7 4. Bg2 Nc6 5. d3 d6 6. h3 Bd7 7. Nge2 e6 8.
O-O Nge7 9. Be3 O-O 10. f4 f5 11. e5 dxe5 12. Bxc5 Re8 13. fxe5 Bxe5 14. d4
Bg7 15. Nb5 Nc8 16. c4 a6 17. Nd6 Nxd6 18. Bxd6 Qb6 19. c5 Qxb2 20. Rb1
Qxa2 21. Rxb7 Red8 22. Rxd7 Rxd7 23. Bxc6 Rxd6 24. cxd6 Rd8 25. d7 Qc4 26.
d5 Kh8 27. Nf4 exd5 28. Qa4 Qc3 29. Kg2 Be5 30. Rf3 Qd2+ 31. Rf2 Qc3 32.
Qc2 Qa3 33. Re2 Qd6 34. h4 Kg7 35. Nd3 Bd4 36. Qa4 Bb6 37. Nf4 Rb8 38. Bxd5
Kh6 39. h5 Qc5 40. Qd1 Bc7 41. hxg6 hxg6 42. Qh1+ 1-0

[Event "Politiken Cup"]
[Site "Helsingor DEN"]
[Date "2009.07.25"]
[Round "9"]
[White "Caceres,C"]
[Black "Jorgensen,A"]
[Result "0-1"]
[WhiteElo "1766"]
[BlackElo "1965"]
[EventDate "2009.07.18"]

1. c4 Nf6 2. Nc3 g6 3. Nf3 Bg7 4. d4 d6 5. e4 O-O 6. h3 c5 7. d5 b5 8. cxb5
a6 9. Bd3 axb5 10. Nxb5 Ba6 11. Qe2 Qb6 12. Nd2 Nbd7 13. Nf3 Nxe4 14. O-O
Nef6 15. Nc3 Bxd3 16. Qxd3 Qb7 17. Rb1 Nb6 18. Rd1 Rfb8 19. b3 Nfd7 20. Bg5
Ne5 21. Nxe5 Bxe5 22. Ne2 Rxa2 23. Bh6 Rba8 24. f4 Bf6 25. Bg5 Qxd5 26.
Qxd5 Nxd5 27. Rxd5 Rxe2 28. Bxf6 exf6 29. Rd3 Raa2 30. Rg3 Red2 31. Rc1
Rab2 32. h4 Rd4 33. Rf1 f5 34. Kh2 Kf8 35. Rgf3 Rdd2 36. Rg1 Ke7 37. h5
gxh5 38. Rh3 Rd4 39. Rxh5 Rxf4 40. Rxh7 Rxb3 41. g3 Re4 42. Rf1 Re5 43. Kh3
Rb4 44. Ra1 Rb7 45. Kh4 Ke6 46. Rd1 c4 47. Rh8 Rd7 48. Kg5 d5 49. Rh6+ Ke7
50. Ra1 c3 51. Raa6 Re6 52. Kxf5 Rxh6 53. Rxh6 d4 0-1

[Event "Politiken Cup"]
[Site "Helsingor DEN"]
[Date "2009.07.25"]
[Round "9"]
[White "Hagen,T"]
[Black "Hansen,I"]
[Result "0-1"]
[WhiteElo "1716"]
[BlackElo "1943"]
[EventDate "2009.07.18"]

1. e4 c5 2. Nf3 g6 3. Nc3 Bg7 4. d4 cxd4 5. Nxd4 Nc6 6. Nxc6 bxc6 7. Bd2
Rb8 8. Rb1 d6 9. Be2 Nf6 10. f3 O-O 11. O-O Be6 12. b3 Nd7 13. Kh1 f5 14.
Qc1 Rf7 15. Bd3 Nc5 16. Ne2 Nxd3 17. cxd3 Bd7 18. Bc3 Qf8 19. Qb2 e5 20. f4
fxe4 21. dxe4 Bg4 22. g3 Re8 23. Kg2 exf4 24. Nxf4 Rxe4 25. Bxg7 Qxg7 26.
h3 Bd7 27. Qxg7+ Kxg7 28. Rbe1 Rfe7 29. Rxe4 Rxe4 30. Rf2 a5 31. Re2 Rxe2+
32. Nxe2 Kf6 33. Nc3 Ke5 34. Na4 Kd4 35. h4 Be6 36. Kf3 h5 37. Kf4 c5 38.
Kg5 Bf5 39. Kf4 d5 40. Kf3 c4 41. bxc4 dxc4 42. Ke2 c3 43. Nb6 Kc5 44. Na4+
Kb4 45. Nb6 Ka3 46. Nd5 Kb2 0-1

[Event "Politiken Cup"]
[Site "Helsingor DEN"]
[Date "2009.07.25"]
[Round "9"]
[White "Nielsen,Aa"]
[Black "Hansen,An"]
[Result "1-0"]
[WhiteElo "1932"]
[BlackElo "2005"]
[EventDate "2009.07.18"]

1. e4 c5 2. f4 Qc7 3. d3 Nc6 4. Nf3 e6 5. Nc3 a6 6. Be2 b5 7. a3 Bb7 8. O-O
Nf6 9. Qe1 Nd4 10. Bd1 d6 11. Kh1 Be7 12. Be3 e5 13. Ne2 Ng4 14. Bd2 O-O
15. c3 Nxf3 16. gxf3 f5 17. fxg4 fxe4 18. dxe4 Bxe4+ 19. Kg1 Bd3 20. Qg3 c4
21. Rf2 d5 22. Be3 Bd6 23. fxe5 Bxe5 24. Qh3 Rfe8 25. Bd2 Qb6 26. Qf3 Be4
27. Qe3 Qc7 28. Ng3 Bg6 29. Qf3 Qc5 30. Be3 d4 31. b4 Qd6 32. cxd4 Bxd4 33.
Bxd4 Qxd4 34. Rc1 Re1+ 35. Kg2 Rae8 36. Rf1 R1e3 37. Qf2 Qe5 38. Bc2 Qe6
39. Bxg6 hxg6 40. h3 Qd5+ 41. Kg1 Rxa3 42. Ra1 Rxa1 43. Rxa1 Qd6 44. Rf1
Rf8 45. Qxf8+ Qxf8 46. Rxf8+ Kxf8 47. Kf2 Ke7 48. Ke3 g5 49. Ne4 Ke6 50.
Nxg5+ Kd5 51. Ne4 a5 52. Nc3+ Kc6 53. bxa5 b4 54. Kd4 bxc3 55. Kxc3 Kd5 56.
a6 Kc6 57. Kxc4 1-0

[Event "Politiken Cup"]
[Site "Helsingor DEN"]
[Date "2009.07.25"]
[Round "9"]
[White "Berkemer,R"]
[Black "Skovle,L"]
[Result "1-0"]
[WhiteElo "1925"]
[BlackElo "1677"]
[EventDate "2009.07.18"]

1. d4 e6 2. Nf3 f5 3. c4 Nf6 4. Bf4 b6 5. Nc3 Bb4 6. Nd2 Bxc3 7. bxc3 O-O
8. f3 d6 9. Bg5 h6 10. Bh4 g5 11. Bf2 e5 12. Qc2 Nc6 13. O-O-O Qe8 14. e4
fxe4 15. Nxe4 Nxe4 16. Qxe4 Bf5 17. Qd5+ Be6 18. Qb5 Bd7 19. Qb1 Qf7 20.
Be3 Rae8 21. d5 Ne7 22. Bd3 Bf5 23. h4 Bxd3 24. Qxd3 Nf5 25. hxg5 Nxe3 26.
Qxe3 Qf4 27. Qxf4 Rxf4 28. gxh6 Kh7 29. Rh2 Rg8 30. Kc2 Rxc4 31. Re1 Rg6
32. Re4 Rc5 33. c4 Rf6 34. a4 c6 35. dxc6 Rxc6 36. Kb3 Rc5 37. Rg4 Rc7 38.
Kb4 Rf4 39. Rxf4 exf4 40. Rh4 a5+ 41. Kc3 Rf7 42. Kd3 Rf5 43. Kd4 Rg5 44.
Rxf4 Rxg2 45. Rf6 Rd2+ 46. Kc3 Rd1 47. f4 Ra1 48. Rxd6 Ra3+ 49. Kd4 Rb3 50.
Kd5 Rb4 51. Rf6 Rxa4 52. Rxb6 Rb4 53. Rxb4 axb4 54. Kd4 Kxh6 55. c5 1-0

[Event "Politiken Cup"]
[Site "Helsingor DEN"]
[Date "2009.07.25"]
[Round "9"]
[White "Brauner,J"]
[Black "Christensen,SvendI"]
[Result "1/2-1/2"]
[WhiteElo "1919"]
[BlackElo "1775"]
[EventDate "2009.07.18"]

1. c4 d6 2. Nc3 Nf6 3. g3 Bd7 4. Bg2 Bc6 5. e4 e6 6. d4 e5 7. d5 Bd7 8.
Nge2 c6 9. O-O cxd5 10. cxd5 Na6 11. a3 Rc8 12. h3 Be7 13. Be3 b6 14. f4
O-O 15. g4 Ne8 16. Kh2 Nac7 17. Qd3 exf4 18. Bxf4 Bf6 19. Rf2 Qe7 20. Raf1
Be5 21. Kh1 f6 22. Nd4 a6 23. Nf5 Bxf5 24. gxf5 Kh8 25. Rg1 Rg8 26. Bf1
Bxf4 27. Rxf4 g5 28. fxg6 Rxg6 29. Qe3 Rxg1+ 30. Kxg1 b5 31. Bd3 Ng7 32.
Rh4 Nf5 33. Qf4 Nxh4 34. Qxh4 Rg8+ 35. Kf2 Qe5 36. Ne2 Ne8 37. b4 Qg5 38.
Qxg5 Rxg5 39. Nc3 Nc7 40. a4 bxa4 41. Nxa4 Rg8 42. Nc3 Rb8 43. Na2 Kg7 44.
Kf3 h6 45. Kg4 a5 46. bxa5 Ra8 47. Kf5 Rxa5 48. Nb4 Ra1 49. Nc6 Rg1 50. Be2
Rg2 51. Nd4 Rf2+ 52. Kg4 Rg2+ 53. Kf3 Rg1 54. Nf5+ Kf8 55. Nxd6 Ra1 56. Nf5
h5 57. Kf4 Ra4 58. Ne3 h4 59. Kf5 Ke7 60. Nc4 Ne8 61. Bd3 Rb4 62. Kg4 Rb3
63. Be2 Nd6 64. Nxd6 Kxd6 65. Kxh4 Re3 66. Bg4 Rxe4 67. Kg3 Re5 68. Be6
Rg5+ 69. Kf4 Rh5 70. Kg4 Rg5+ 71. Kf4 Rh5 1/2-1/2

[Event "Politiken Cup"]
[Site "Helsingor DEN"]
[Date "2009.07.25"]
[Round "9"]
[White "Jacobsen,S"]
[Black "Eiholt,B"]
[Result "1-0"]
[WhiteElo "1906"]
[BlackElo "1678"]
[EventDate "2009.07.18"]

1. Nf3 d5 2. d4 Nf6 3. g3 e6 4. Bg2 Be7 5. O-O O-O 6. c4 b6 7. Nc3 Bb7 8.
Bf4 dxc4 9. Ne5 Bxg2 10. Kxg2 Nd5 11. e4 Nxf4+ 12. gxf4 c6 13. Nxc4 Qc7 14.
Qf3 Nd7 15. Ne3 Nf6 16. Rac1 Qb7 17. f5 Rad8 18. e5 Ne8 19. Qe4 exf5 20.
Nxf5 Bg5 21. f4 Be7 22. Rf3 g6 23. Qxc6 Qd7 24. Qxd7 Rxd7 25. Nxe7+ Rxe7
26. d5 Ng7 27. d6 Rd7 28. Nd5 Ne8 29. Rc8 Kg7 30. Rxe8 Rxe8 31. Nf6 Red8
32. Nxd7 Rxd7 33. Rc3 1-0

[Event "Politiken Cup"]
[Site "Helsingor DEN"]
[Date "2009.07.25"]
[Round "9"]
[White "Andersen,Har"]
[Black "Knudsen,Jo2"]
[Result "1/2-1/2"]
[WhiteElo "1901"]
[BlackElo "1787"]
[EventDate "2009.07.18"]

1. e4 Nc6 2. d4 d5 3. e5 Bf5 4. Na3 e6 5. b3 Bb4+ 6. Ke2 Qh4 7. Nb5 a6 8.
c3 axb5 9. cxb4 Nxd4+ 10. Kd2 Nxb3+ 11. Qxb3 Qd4+ 12. Bd3 Bxd3 13. Bb2 Bc4+
14. Bxd4 Bxb3 15. axb3 Rxa1 16. Bxa1 Ne7 17. Ne2 Nc6 18. Nd4 Nxb4 19. Bc3
Nc6 20. Nxc6 bxc6 21. Ra1 Kd7 22. Ra7 c5 23. Ba5 Rc8 24. h4 b4 25. Ke3 Kc6
26. g4 h6 27. f4 h5 28. g5 g6 29. Kd3 Kd7 30. Ra6 Rb8 31. Ra7 Rc8 1/2-1/2

[Event "Politiken Cup"]
[Site "Helsingor DEN"]
[Date "2009.07.25"]
[Round "9"]
[White "Astrom,L"]
[Black "Jonsson,Ol"]
[Result "1/2-1/2"]
[WhiteElo "1689"]
[BlackElo "1899"]
[EventDate "2009.07.18"]

1. e4 c5 2. c3 Nf6 3. e5 Nd5 4. d4 cxd4 5. cxd4 e6 6. Nc3 Nxc3 7. bxc3 d6
8. Nf3 Nc6 9. Bf4 dxe5 10. Nxe5 Qa5 11. Qd2 Be7 12. Nxc6 bxc6 13. Bd3 O-O
14. O-O Ba6 15. Bxa6 Qxa6 16. Rab1 Rac8 17. Rb3 Rfd8 18. Qb2 Rd7 19. Rb1 c5
20. Rb7 Qc6 21. Rxd7 Qxd7 22. Qb7 Rd8 23. Qxd7 Rxd7 24. Rb8+ Bf8 25. Bc1 f6
26. Ba3 Kf7 27. Kf1 Bd6 28. Rb5 cxd4 29. Bxd6 Rxd6 30. cxd4 Ra6 31. Rb2 g5
32. Ke2 Ra3 33. Kd2 Kg6 34. Ke2 Kf5 35. f3 h5 36. Rd2 Ra5 37. Ke3 h4 38.
g4+ hxg3 39. hxg3 Ra3+ 40. Rd3 Rxa2 41. d5 exd5 42. Rxd5+ Ke6 43. Rd8 Ra3+
44. Ke2 g4 45. fxg4 Rxg3 46. Ra8 Ra3 47. Kf2 Ke5 48. Rg8 Kf4 49. Rf8 Ra2+
50. Kf1 Ra6 51. Rg8 Rb6 52. Rg7 a6 53. Kf2 Rb2+ 54. Ke1 Kf3 55. Rg6 Ke3 56.
Kf1 Rf2+ 57. Kg1 Rf4 58. g5 f5 59. Rxa6 Rg4+ 60. Kf1 Rxg5 61. Ra3+ Kf4 62.
Kf2 Rg8 63. Ra4+ Kg5 64. Kf3 Rb8 65. Ra3 Rb4 66. Rc3 Rh4 67. Kf2 Kg4 68.
Rc4+ f4 69. Rc3 Rh2+ 70. Kg1 Ra2 71. Kf1 Rb2 72. Ra3 Rh2 73. Kg1 Rd2 74.
Kf1 Kf5 75. Ra5+ Ke4 76. Ra4+ Kf3 77. Ra3+ Kg4 78. Rb3 Rd8 79. Ra3 Rb8 80.
Rc3 Re8 81. Ra3 Rg8 82. Rb3 f3 83. Rb7 Kg3 84. Ra7 Re8 85. Rg7+ Kf4 86.
Rf7+ Ke3 87. Ra7 1/2-1/2

[Event "Politiken Cup"]
[Site "Helsingor DEN"]
[Date "2009.07.25"]
[Round "9"]
[White "Moller,A"]
[Black "Zmylon,F"]
[Result "1/2-1/2"]
[WhiteElo "1860"]
[BlackElo "1707"]
[EventDate "2009.07.18"]

1. e4 c5 2. Nf3 Nc6 3. d4 cxd4 4. Nxd4 e5 5. Nb5 d6 6. N1c3 a6 7. Na3 b5 8.
Nd5 Nge7 9. c3 Nxd5 10. exd5 Ne7 11. c4 bxc4 12. Bxc4 Bb7 13. O-O g6 14. f4
Bg7 15. Qa4+ Qd7 16. Qxd7+ Kxd7 17. fxe5 Bxe5 18. Rd1 Rac8 19. Rb1 a5 20.
Be3 Nf5 21. Bb6 Ke7 22. b3 Bc3 23. g4 Nh6 24. Rd3 Bb4 25. Nb5 Nxg4 26. a3
Bc5+ 27. Bxc5 Rxc5 28. Re1+ Kd7 29. Nc3 Ne5 30. Rde3 Nxc4 31. Re7+ Kc8 32.
bxc4 Rxc4 33. Nb5 Rg4+ 34. Kf2 Bxd5 35. Nxd6+ Kd8 36. Nxf7+ Bxf7 37. Rxf7
Ra4 38. Rb1 Kc8 39. Rc1+ Kb8 40. Rcc7 Rxa3 41. Rb7+ Ka8 42. Ra7+ 1/2-1/2

[Event "Politiken Cup"]
[Site "Helsingor DEN"]
[Date "2009.07.25"]
[Round "9"]
[White "Pallesen,Jo"]
[Black "Larsen,Han"]
[Result "0-1"]
[WhiteElo "1701"]
[BlackElo "1844"]
[EventDate "2009.07.18"]

1. e4 e6 2. Nf3 d5 3. Nc3 d4 4. Ne2 c5 5. Ng3 Nc6 6. Be2 Bd6 7. O-O f6 8.
d3 Nge7 9. Ne1 O-O 10. f4 Qc7 11. Nh1 Bd7 12. g3 Kh8 13. Ng2 Rg8 14. Bd2 g5
15. fxg5 fxg5 16. Nf2 Ne5 17. Ng4 Nxg4 18. Bxg4 Nc6 19. Qe2 Ne5 20. Rf2 h6
21. Raf1 Kg7 22. Rf6 Rgf8 23. Rxf8 Rxf8 24. Rxf8 Bxf8 25. Bh5 Bd6 26. Nf4
c4 27. Nh3 cxd3 28. cxd3 Bb5 29. Bxg5 hxg5 30. Qd2 Qe7 31. Nxg5 Bxd3 32. h4
Qf6 33. Nxe6+ Qxe6 34. Qg5+ Ng6 0-1

[Event "Politiken Cup"]
[Site "Helsingor DEN"]
[Date "2009.07.26"]
[Round "10"]
[White "Avrukh,B"]
[Black "Malakhov,V"]
[Result "1-0"]
[WhiteElo "2641"]
[BlackElo "2707"]
[EventDate "2009.07.18"]

1. d4 d5 2. c4 c6 3. Nf3 Nf6 4. Nc3 a6 5. c5 Nbd7 6. Bf4 Nh5 7. e3 Nxf4 8.
exf4 b6 9. b4 Qc7 10. Qd2 g6 11. Rc1 Bh6 12. g3 bxc5 13. bxc5 O-O 14. h4 e5
15. dxe5 Nxe5 16. Nxe5 Re8 17. Be2 Rxe5 18. h5 gxh5 19. Kf1 Re8 20. Rxh5
Bg7 21. Kg2 Qe7 22. Bd3 h6 23. f5 Qf6 24. Nd1 d4 25. Nb2 Qe5 26. Nc4 Qxc5
27. Rch1 f6 28. Rxh6 Ra7 29. R6h5 Rae7 30. Nb6 Bxf5 31. Rxf5 Qxb6 32. Bc4+
Rf7 33. Qc2 Qb7 34. Rfh5 Re5 35. Rxe5 fxe5 36. Rb1 1-0

[Event "Politiken Cup"]
[Site "Helsingor DEN"]
[Date "2009.07.26"]
[Round "10"]
[White "Negi,P"]
[Black "Berg,E"]
[Result "1-0"]
[WhiteElo "2590"]
[BlackElo "2610"]
[EventDate "2009.07.18"]

1. e4 c5 2. Nf3 d6 3. d4 cxd4 4. Nxd4 Nf6 5. Nc3 a6 6. h3 e6 7. g4 h6 8.
Bg2 Nbd7 9. f4 Qc7 10. Qe2 g6 11. Be3 Nb6 12. O-O-O Bd7 13. e5 dxe5 14.
fxe5 Nh7 15. Rhf1 Nc4 16. Nd5 Qc8 17. Qf2 f5 18. exf6 exd5 19. Bxd5 Bd6 20.
Bf4 Qc7 21. Bxd6 Nxd6 22. Qe3+ Kd8 23. Qe7+ Kc8 24. Ne6 Qb6 25. f7 Qe3+ 26.
Kb1 Qe5 27. f8=Q+ Rxf8 28. Rxf8+ 1-0

[Event "Politiken Cup"]
[Site "Helsingor DEN"]
[Date "2009.07.26"]
[Round "10"]
[White "Nielsen,PH"]
[Black "Sethuraman,S"]
[Result "1-0"]
[WhiteElo "2680"]
[BlackElo "2455"]
[EventDate "2009.07.18"]

1. d4 d5 2. c4 e6 3. Nc3 Be7 4. Bf4 Nf6 5. e3 O-O 6. a3 c6 7. Nf3 Nbd7 8.
h3 b6 9. cxd5 Nxd5 10. Nxd5 exd5 11. Bd3 Bb7 12. Qc2 Nf6 13. Be5 h6 14. g4
Ne4 15. h4 c5 16. Rd1 c4 17. Bxe4 dxe4 18. Nd2 Qd5 19. g5 hxg5 20. hxg5
Bxg5 21. f3 f5 22. f4 Bf6 23. Nb1 Qe6 24. Qh2 Bxe5 25. dxe5 Rad8 26. Rxd8
1-0

[Event "Politiken Cup"]
[Site "Helsingor DEN"]
[Date "2009.07.26"]
[Round "10"]
[White "Hillarp Persson,T"]
[Black "Tiviakov,S"]
[Result "0-1"]
[WhiteElo "2596"]
[BlackElo "2674"]
[EventDate "2009.07.18"]

1. e4 c5 2. Nf3 d6 3. Bb5+ Nd7 4. c3 Ngf6 5. Qe2 a6 6. Ba4 g6 7. O-O b5 8.
Bc2 Bg7 9. d4 cxd4 10. cxd4 Nb6 11. h3 O-O 12. Nbd2 Bb7 13. Nb3 Rc8 14. Bd3
Na4 15. Bf4 Nh5 16. Bh2 e5 17. Rac1 Qe7 18. Rxc8 Rxc8 19. Qd2 exd4 20.
Nfxd4 Nc5 21. Re1 Nxd3 22. Qxd3 f5 23. Na5 Bxe4 24. Qb3+ Qf7 25. Ne6 Bh6
26. f3 Bd2 27. Rd1 Bc2 28. Qd5 Bxd1 29. Nb7 Be3+ 0-1

[Event "Politiken Cup"]
[Site "Helsingor DEN"]
[Date "2009.07.26"]
[Round "10"]
[White "Sargissian,G"]
[Black "Kuzubov,Y"]
[Result "1-0"]
[WhiteElo "2667"]
[BlackElo "2635"]
[EventDate "2009.07.18"]

1. d4 d5 2. c4 c6 3. Nc3 Nf6 4. e3 a6 5. Nf3 b5 6. c5 g6 7. Ne5 Bg7 8. Be2
O-O 9. f4 Be6 10. O-O Nfd7 11. Nd3 a5 12. g4 f6 13. f5 Bf7 14. Nf4 Re8 15.
Bf3 Nf8 16. e4 dxe4 17. Nxe4 Na6 18. Be3 Nc7 19. Nc3 Qd7 20. d5 gxf5 21.
gxf5 Rad8 22. Ne6 cxd5 23. Nxd8 Rxd8 24. Bf4 Na6 25. Qd3 e5 26. fxe6 Nxe6
27. Bg3 Naxc5 28. Qxb5 Qxb5 29. Nxb5 Ne4 30. Rad1 f5 31. b3 d4 32. Be2 Bh6
33. Bc4 Be3+ 34. Kg2 Nd2 35. Rxd2 Bxd2 36. Rxf5 Ng5 37. Rxf7 Nxf7 38. Nd6
Rxd6 39. Bxd6 Kg7 40. Bc5 Bc3 41. Bxf7 Kxf7 42. Kf3 d3 43. Ke3 d2 44. Ke2
Ke6 45. Be3 Kd5 46. Bxd2 Kd4 47. Kd1 Kd3 48. Bxc3 Kxc3 49. Kc1 h5 50. h4
Kb4 51. Kb2 Kc5 52. Kc3 Kb5 53. a3 Kc5 54. Kd3 Kd5 55. Ke3 1-0

[Event "Politiken Cup"]
[Site "Helsingor DEN"]
[Date "2009.07.26"]
[Round "10"]
[White "Agrest,E"]
[Black "Postny,E"]
[Result "0-1"]
[WhiteElo "2590"]
[BlackElo "2647"]
[EventDate "2009.07.18"]

1. c4 c6 2. Nf3 d5 3. e3 Nf6 4. Nc3 a6 5. Qc2 g6 6. b3 Bg7 7. Bb2 O-O 8.
Be2 Re8 9. d4 Bf5 10. Qd1 Ne4 11. O-O Nxc3 12. Bxc3 Bg4 13. Rc1 e6 14. Qd2
Nd7 15. Ba5 Qb8 16. h3 Bxf3 17. Bxf3 f5 18. a4 Nf6 19. Qc2 Qd6 20. Be2 f4
21. exf4 Qxf4 22. Rcd1 Ne4 23. Bd3 Nd6 24. Bc7 Rac8 25. g3 Qf8 26. Bb6 Nf5
27. Be2 Qd6 28. Qd3 e5 29. dxe5 Rxe5 30. cxd5 c5 31. a5 Re3 32. fxe3 Qxg3+
33. Kh1 Qxh3+ 34. Kg1 Qg3+ 35. Kh1 Be5 36. Rf4 Nxe3 37. Qe4 Bxf4 0-1

[Event "Politiken Cup"]
[Site "Helsingor DEN"]
[Date "2009.07.26"]
[Round "10"]
[White "Hammer,J"]
[Black "Hansen,SuB"]
[Result "1-0"]
[WhiteElo "2583"]
[BlackElo "2554"]
[EventDate "2009.07.18"]

1. e4 e5 2. Nf3 Nc6 3. Bb5 a6 4. Ba4 Nf6 5. O-O Be7 6. d3 d6 7. c3 O-O 8.
Re1 Nb8 9. d4 Nbd7 10. Bc2 Re8 11. a4 b6 12. a5 b5 13. d5 Bb7 14. Nbd2 c6
15. dxc6 Bxc6 16. Nf1 h6 17. Ng3 Qc7 18. Nd2 Bf8 19. b4 Bb7 20. Bb2 Rac8
21. Bb3 g6 22. Qf3 Bg7 23. Rad1 Nf8 24. h4 h5 25. Ngf1 Ne6 26. g3 Qb8 27.
Ne3 Qa8 28. Nd5 Nxd5 29. exd5 f5 30. c4 bxc4 31. Nxc4 Qb8 32. Qe3 Nf8 33.
Qb6 Red8 34. f4 e4 35. Bxg7 Kxg7 36. Rc1 Kf7 37. Nxd6+ Rxd6 38. Rxc8 Qxc8
39. Qxd6 Qc3 40. Qc7+ 1-0